| 000 | 00583nam a2200229Ia 4500 | ||
|---|---|---|---|
| 003 | 0100 | ||
| 008 | 130303s9999 xx 000 0 und d | ||
| 020 | _a313299781 | ||
| 040 | _cARRUPELIB | ||
| 050 | _aBP60.D381998 | ||
| 100 | _aDavidson, Lawrence | ||
| 245 | _aIslamic fundamentalism | ||
| 260 | _aWestport | ||
| 260 | _bGreenwood Press | ||
| 260 | _C1998 | ||
| 300 | _axxi | ||
| 300 | _b 186p. 24cm. | ||
| 440 | _aGreenwood Press guides to historic events of the twentieth century, 1092 | ||
| 650 | _bMandela, Nelson | ||
| 700 | _aLawrence Davidson | ||
| 942 | 0 | 0 | _02 |
| 999 |
_c14580 _d14580 |
||